000 00900cam a2200313 a 4500
001 4679778
003 OSt
005 20140310181649.0
008 811026s1982 nyua j 000 1 eng
010 _a 81018712
020 _a0688011675
020 _a0688011675
040 _aDLC
_cDLC
_dDLC
042 _alcac
050 0 0 _aPZ 7
_b.C127 1982
082 0 0 _aKF
_bC12n 1982
100 1 _aCalhoun, Mary.
_95632
245 1 4 _aThe night the monster came /
_cMary Calhoun ; illustrated by Leslie Morrill.
260 _aNew York :
_bW. Morrow,
_c1982.
300 _a62 p. :
_bill. ;
_c21 cm.
500 _a"Morrow Eagle Library edition"--Back cover.
541 _j1
562 _e1
650 1 _aBears
_xFiction.
_95633
650 1 _aSasquatch
_xFiction.
_95634
700 1 _aMorrill, Leslie H.,
_eill.
_95635
906 _a7
_bcbc
_corignew
_d1
_eocip
_f19
_gy-gencatlg
942 _2lcc
_cBK-KF
_kKF
999 _c959
_d959